000 00996nam a2200277Ia 4500
003 SS
005 20250619112007.0
008 191128s9999 xx 000 0 und d
020 _a4520269571
040 _c.
082 _aA-N
_bALLb
_223
100 _aAllison, Dorothy, autora
_944180
245 0 _aBastard out of Carolina /
245 0 _cDorothy Allison
260 _aNew York
260 _bA plume book,
260 _c1992
300 _a309 páginas
300 _c 20 cm
440 _aPlume contemporany fiction
_944181
500 _aFinalista del Premio Nacional de Libros.
520 _aGreenville es un lugar turbulento y exuberante de nogales negros y sauces llorones y también la cuna de la familia Boatwright. En el centro de esta sorprendente novela está Bone, una niña bastarda con una anotación en su certificado de nacimiento.
546 _aspa
650 _aNovela estadounidense ; Abuso del niño--Novela ; Lesbianismo--Novela--
_944182
942 _2ddc
_cBK
999 _c3567
_d3567